banner koha

Utilização de resíduos agroindustriais na alimentação de ruminantes (Registro n. 337439)

MARC details
000 -LÍDER
fixed length control field 02773nab a2200289 i 4500
003 - CÓDIGO MARC DA AGÊNCIA CATALOGADORA
Campo de controle BR-BrBNA
005 - DATA E HORA DA ÚLTIMA ATUALIZAÇÃO
Campo de controle 20250804163923.0
008 - CAMPO DE TAMANHO FIXO
fixed length control field 250804b2022 bl.tr|pooa||| 00| 0 por |
040 ## - FONTE DA CATALOGAÇÃO
Agência catalogadora BR-BrBNA
Idioma da catalogação por
072 ## - CATEGORIA AGRIS
Código AGRIS L02
072 ## - CATEGORIA AGRIS
Código AGRIS Q70
100 ## - ENTRADA PRINCIPAL - NOME PESSOAL
Nome pessoal Fávaro, Vanessa Ruiz
100 ## - ENTRADA PRINCIPAL - NOME PESSOAL
Nome pessoal Rech, Ângela Fonseca
245 ## - TÍTULO PRINCIPAL
Título principal Utilização de resíduos agroindustriais na alimentação de ruminantes
500 ## - NOTA GERAL
Nota geral <br/><br/>Publicação online; 12 ref.; Summaries (En, Pt)
942 ## - ADDED ENTRY ELEMENTS (KOHA)
Koha item type Analítica
520 ## - NOTA DE RESUMO
Nota de conteúdo <br/><br/><br/>Resumo – Os resíduos agroindustriais, principalmente os inapropriados à alimentação humana, podem ser utilizados para alimentação de ruminantes, devido à sua capacidade de converter alimentos fibrosos em produtos nobres, como o leite e a carne. O emprego de resíduos na alimentação de ruminantes pode contribuir para redução dos custos, diminuição da competição por alimentos e mitigação dos impactos ambientais causados pelo descarte incorreto destes. Contudo, o êxito da utilização dos resíduos é muitas vezes limitado ao pouco conhecimento das características nutricionais, forma de conservação e valor econômico. O objetivo deste informativo é apresentar os principais fatores a serem avaliados para escolha de um determinado resíduo agroindustrial na alimentação animal. <br/><br/><br/>Termos para indexação: Alimentos alternativos; Nutrição animal; Sustentabilidade
520 ## - NOTA DE RESUMO
Nota de conteúdo <br/><br/><br/>Abstract – Agro-industrial residues, especially those inappropriate for human consumption, can be used for ruminants feed, due to their ability to convert fibrous foods into noble products, such as milk and meat. The use of residues in the feeding of ruminants contributes to reducing costs, reducing competition for food and mitigating the environmental impacts caused by their incorrect disposal. However, the successful use of residues is oft en limited to little knowledge of nutritional characteristics, form of conservation and economic value. The purpose of this article is to present the main factors to be evaluated for choosing a specific agro-industrial residue in animal feed. <br/><br/><br/>Index terms: Alternative foods; Animal nutrition; Sustainability
650 ## - ASSUNTO - THESAGRO
Cabeçalho tópico ou nome geográfico RUMINANTE
650 ## - ASSUNTO - THESAGRO
Cabeçalho tópico ou nome geográfico NUTRIÇÃO ANIMAL
650 ## - ASSUNTO - THESAGRO
Cabeçalho tópico ou nome geográfico RESÍDUO INDUSTRIAL
650 ## - ASSUNTO - THESAGRO
Cabeçalho tópico ou nome geográfico ALIMENTO ALTERNATIVO
650 ## - ASSUNTO - THESAGRO
Cabeçalho tópico ou nome geográfico VALOR NUTRITIVO
773 0# - ENTRADA ANALÍTICA
Host Biblionumber 1813
Registro do item 317207
Imprenta Florianópolis-SC Empresa de Pesquisa Agropecuária e Extensão Rural de Santa Catarina 1988-
Outro identificador 2024-3831
Título Agropecuária Catarinense (Brazil)
ISSN 0103-0779
Colação V. 35(2) p. 14-16; (2022)
Número de controle de registro BR2025002888
856 ## - ACESSO E ENDEREÇO ELETRÔNICO
Identificador uniforme de recurso - URI https://publicacoes.epagri.sc.gov.br/rac/article/view/1134/1378

Nenhum exemplar disponível.

BINAGRI

Telefone: (61)3218-2567/2388/3357/2097 - binagri@agro.gov.br

Ministério da Agricultura e Pecuária , Esplanada dos Ministérios, Bloco D, Anexo B, Brasília/DF, CEP: 70.043-900